000 00671nam a2200229Ia 4500
003 OSt
005 20220923212101.0
006 a|||||r|||| 00| 0
007 ta
008 220922b |||||||| |||| 00| 0 hin d
024 _a150,619
037 _cTextual
040 _aARTS
_cARTS
_bhin
041 _2hin
_ahin
082 _aF94, 152K5
100 _aपाठक, सहदेव प्रसाद
245 0 _aतेल और उनसे बने पदार्थ
246 _aTel aur unase bane padārtha
260 _c1965
942 _hF94, 152K5
_cTEXL
_2CC
999 _c306299
_d306299